The voyage of captain don Felipe González in the ship of the line San Lorenzo with the Frigate Santa Rosalia in company, to Easter Island in 1770-1: preceded by an extract from mynheer Jacob Roggeveen's official log of his discovery of and visit to Easter Island, in 1722
Uloženo v:
| Hlavní autor: | |
|---|---|
| Médium: | Kniha |
| Jazyk: | angličtina |
| Vydáno: |
Cambridge
The Hakluyt Society
1908
|
| Edice: | The Hakluyt Society, serie 2, vol.13
|
| Témata: | |
| Tagy: |
Přidat tag
Žádné tagy, Buďte první, kdo vytvoří štítek k tomuto záznamu!
|
MARC
| LEADER | 00000cam a2200000 a 4500 | ||
|---|---|---|---|
| 001 | UCF5161 | ||
| 003 | CL-VaPUC | ||
| 008 | 130117e19080000UK |||||||||||||||||eng|d | ||
| 082 | 0 | 4 | |a 910.9 |b COR |2 21 |
| 100 | 0 | |a Corney, Bolton Glanvill |e author |9 566922 | |
| 245 | 1 | 4 | |a The voyage of captain don Felipe González in the ship of the line San Lorenzo with the Frigate Santa Rosalia in company, to Easter Island in 1770-1: preceded by an extract from mynheer Jacob Roggeveen's official log of his discovery of and visit to Easter Island, in 1722 |
| 300 | |a 176 p | ||
| 942 | |c BK | ||
| 945 | |d 20130117 00:00:00 |a dcastane | ||
| 260 | |a Cambridge |b The Hakluyt Society |c 1908 | ||
| 500 | |a Incluye 3 cartas náuticas | ||
| 650 | 0 | |a Viajes y descubrimientos |9 446349 | |
| 650 | 0 | |a Descubrimientos y exploraciones |9 266189 | |
| 650 | 0 | |a Geografía |9 259346 | |
| 651 | 0 | |a Isla de Pascua |9 261357 | |
| 651 | 0 | |a Océano Pacifico Sur |9 330209 | |
| 583 | |a last modification |c 20130614 03:24:13 |k Rodrigo Vera | ||
| 490 | 0 | |a The Hakluyt Society, serie 2, vol.13 | |
| 999 | |c 350760 |d 350758 | ||
| 952 | |0 0 |1 0 |4 0 |6 910_900000000000000_COR_1908 |7 0 |8 X |9 454338 |a FDOBUD |b FDOBUD |d 2019-11-22 |i 4920449 |o 910.9 COR 1908 |p 4920449 |r 2019-11-22 |w 2019-11-22 |y BK_X |k BUD | ||